000 00784nam a2200265 i 4500
001 C2-0311187
003 PPAK
005 20180728102510.0
008 110713s my a|||| ||||| | may d
020 _a9789673473007
040 _aPPAK
_beng
_cPPAK
_erda
082 0 4 _a612
_223
090 0 0 _a612
_bROM
_dK
100 1 _aRomero, Libby,
_eauthor
245 1 0 _aCiri-ciri manusia
264 1 _aKuala Lumpur :
_bTerbilang Buku ,
300 _a32 pages :
_bcolour illustrations ;
_c23 cm
336 _2rdacontent
_atext
337 _2rdamedia
_aunmediated
338 _2rdacarrier
_avolume
490 1 _aPenjelajahan sains
650 1 0 _aHuman beings - Juvenile literature. ; Human beings - Constitution - Juvenile literature.
830 0 _aPenjelajahan sains
942 _ddc
_cB
999 _c113454
_d113454